000 00567nam a2200205Ia 4500
005 20250923145945.0
008 008 250917s9999 xx 000 0 eng d
037 _aTextual
040 _aDSWL
_beng
_cDSWL
041 _aeng
_2eng
084 _aX8(J).2, N96
_qDSWL
100 _aOlsen, W.K
_9840710
245 0 _aRural Indian social relations
_c by W.K Olsen
260 _aDelhi
_b Oxford University Press
_c1996
300 _axiv,345
365 _aINR
_b595.00
925 _g595.00
942 _cTEXL
_hX8(J).2, N96
999 _c1457804
_d1457804